Vista normal
Vista MARC
Entrada Personal Name
Número de registros utilizados en: 1
001 - CONTROL NUMBER
- control field: 2074
003 - CONTROL NUMBER IDENTIFIER
- control field: OSt
005 - DATE AND TIME OF LATEST TRANSACTION
- control field: 20200328020818.0
008 - FIXED-LENGTH DATA ELEMENTS
- fixed length control field: 200328|| aca||aabn | a|a d
040 ## - CATALOGING SOURCE
- Original cataloging agency: OSt
- Transcribing agency: OSt
100 ## - HEADING--PERSONAL NAME
- Personal name: Elgoibar, Pedro,
670 ## - SOURCE DATA FOUND
- Source citation: Work cat.: (OSt)5140: Von Mises, Ludwig, autor 2071, Gobierno omnipotente : , 2002